Countries that have Provided Aid to Turkey or Syria - Statistics

General Stats
  • This quiz has been taken 62 times
  • The average score is 50 of 62
Answers on the Map
Answers color-coded by a green-red scale on the quiz's map according to % correct below.
 
Answer Stats
Answer % Correct
Russia
98%
Canada
96%
Iran
96%
UK
96%
China
94%
Spain
94%
Sweden
94%
Ukraine
94%
USA
94%
Finland
92%
France
92%
Germany
92%
India
92%
Mexico
92%
Ireland
90%
Italy
90%
Japan
90%
Portugal
90%
Romania
90%
Egypt
88%
Greece
88%
Poland
88%
South Korea
88%
Belarus
85%
Belgium
85%
Albania
83%
Bulgaria
83%
Algeria
81%
Armenia
81%
Azerbaijan
81%
Estonia
81%
Israel
81%
Lithuania
81%
Netherlands
81%
Pakistan
81%
Serbia
81%
Austria
79%
Bosnia
79%
Croatia
79%
Georgia
79%
Kazakhstan
79%
Hungary
77%
Kosovo
77%
Moldova
77%
Montenegro
77%
Qatar
77%
Slovenia
77%
Switzerland
77%
Czechia
75%
Morocco
75%
Slovakia
75%
UAE
73%
Uzbekistan
73%
North Macedonia
71%
Cyprus
67%
Kuwait
65%
Lebanon
65%
Malta
63%
Taiwan
56%
Malaysia
50%
Colombia
46%
El Salvador
19%
No matching quizzes found
Score Distribution
Percent of People with Each Score
Percentile by Number Answered
Your Score History
You have not taken this quiz